Cargando...
Statistics for people who think they hate statistics /
| Autor Principal: | |
|---|---|
| Formato: | Printed Book |
| Publicado: |
London :
Sage publication,
2008.
|
| Edición: | 3 ed. |
| Subjects: |
| LEADER | 00496cam a2200157ua 4500 | ||
|---|---|---|---|
| 999 | |c 39100 |d 39100 | ||
| 020 | |a 1412951500 | ||
| 082 | 1 | 4 | |a 519.5 |b SAL-S |
| 100 | 1 | |a Salkind, Niel J . | |
| 245 | 1 | 0 | |a Statistics for people who think they hate statistics / |
| 250 | |a 3 ed. | ||
| 260 | |a London : |b Sage publication, |c 2008. | ||
| 300 | |a 404p.; | ||
| 650 | 0 | |a Statistics | |
| 942 | |c BK | ||
| 952 | |0 0 |1 0 |4 0 |6 519_500000000000000_SALS |7 0 |9 50034 |a KU |b KU |d 2015-07-05 |l 1 |o 519.5 SAL-S |p AN02468 |r 2015-10-26 |s 2015-10-15 |y BK | ||